| 000 | 00348nam a2200145Ia 4500 | ||
|---|---|---|---|
| 008 | 230917s9999||||xx |||||||||||||| ||und|| | ||
| 040 |
_e114367 _aMAIN |
||
| 041 | _aEnglish | ||
| 082 | _a342 U7V | ||
| 100 | _aUpreti, Nandini | ||
| 245 | 0 | _aVishava ke Pramukh savindhan | |
| 260 |
_aJaipur _bPointer _c2007 |
||
| 300 | _aV, 393p p. | ||
| 942 | _cBK | ||
| 999 |
_c139812 _d139812 |
||